Police and social change in India / (Record no. 126036)

MARC details
000 -LEADER
fixed length control field 00820nam a22002417a 4500
005 - DATE AND TIME OF LATEST TRANSACTION
control field 20170124110003.0
010 ## - LIBRARY OF CONGRESS CONTROL NUMBER
LC control number A-597006
020 ## - INTERNATIONAL STANDARD BOOK NUMBER
Terms of availability 00.00
International Standard Book Number 8170244889
035 ## - SYSTEM CONTROL NUMBER
System control number A-597006
037 ## - SOURCE OF ACQUISITION
Source of stock number/acquisition Cen Lib/Ret
040 ## - CATALOGING SOURCE
Original cataloging agency DPL
Language of cataloging EN
082 ## - DEWEY DECIMAL CLASSIFICATION NUMBER
Classification number 363.2954
Item number MIS
100 ## - MAIN ENTRY--PERSONAL NAME
Personal name Mishra, Rashmi
9 (RLIN) 16381
245 ## - TITLE STATEMENT
Title Police and social change in India /
Statement of responsibility, etc by Rashmi Mishra [and] Samarendra Mohanty
260 ## - PUBLICATION, DISTRIBUTION, ETC. (IMPRINT)
Place of publication, distribution, etc New Delhi
Name of publisher, distributor, etc Ashish Publishing House
Date of publication, distribution, etc 1992
270 ## - ADDRESS
Address 8/18. Panjabi Bagh
City New Delhi
Postal code 110026
300 ## - PHYSICAL DESCRIPTION
Extent xiv,229p. ;
Other physical details 21cm(Hb)
Dimensions ill.
500 ## - GENERAL NOTE
General note Includes bibliographical references and index.
650 ## - SUBJECT ADDED ENTRY--TOPICAL TERM
Topical term or geographic name as entry element Police-community relations -- India.
9 (RLIN) 16382
650 ## - SUBJECT ADDED ENTRY--TOPICAL TERM
Topical term or geographic name as entry element Police-community relations.
9 (RLIN) 16383
700 ## - ADDED ENTRY--PERSONAL NAME
Personal name Mohanty, Samarendra
9 (RLIN) 16380
942 ## - ADDED ENTRY ELEMENTS (KOHA)
Source of classification or shelving scheme Dewey Decimal Classification
Koha item type English Books
Classification part 363.2954
Call number suffix MIS
Holdings
Withdrawn status Lost status Damaged status Not for loan Home library Current library Date acquired Source of acquisition Cost, normal purchase price Total Checkouts Full call number Barcode Date last seen Copy number Cost, replacement price Price effective from Koha item type Public note
Written off       Central Library Central Library 24/06/2015 Cen Lib/Ret 0.00   363.2954 MIS A-597006 24/06/2015 1 0.00 24/06/2015 English Books W/d List No. 6869/6 ; dtd 11/08/2020

© Delhi Public Library
Hit Counter
free hit counter